000 01065cas a2200313 a 4500
001 11418567
003 OSt
005 20110411144343.0
008 930630c19uu9999enkuu 0 0eng
010 _a 93642712
035 _a(OCoLC)ocm28359730
040 _aDLC
_cDLC
_dOCoLC
042 _alc
043 _ae-uk---
050 0 0 _aKD3156.A13
_bT65
082 0 0 _a344.410465 TOL
_220
245 0 0 _aTolley's health and safety at work handbook.
246 1 0 _aHealth and safety at work handbook
260 _aCroydon, England :
_bTolley Pub. Co.,
300 _axxxii, 587. ;
_c23 cm.
500 _aDescription based on: 1992.
590 _aSERBIB/SERLOC merged record
650 0 _aIndustrial hygiene
_xLaw and legislation
_zGreat Britain
_vPeriodicals.
_9761
650 0 _aIndustrial safety
_xLaw and legislation
_zGreat Britain
_vPeriodicals.
_9762
906 _a7
_bcbc
_cserials
_d2
_encip
_f19
_gn-oclcserc
942 _2ddc
_cBK
999 _c258
_d258